Communes du Puy-de-Dôme (63) de plus de 10000 habitants - Statistiques

Statistiques générales
  • Ce quiz a été pris 65 fois
  • Le résultat moyen est 7 sur 10
Statistiques - réponses
Habitants Communes % Correct
147751 Clermont-Ferrand
100%
15078 Issoire
87%
18680 Riom
85%
11686 Thiers
74%
17591 Chamalières
63%
20020 Cournon-d'Auvergne
61%
10273 Aubière
59%
12422 Pont-du-Château
50%
10268 Gerzat
37%
10787 Beaumont
35%
Aucun quiz correspondant
Distribution des résultats
% des personnes avec chaque résultat
Percentile par nombre de réponses
Votre historique - résultats
Vous n’avez pas pris ce quiz